Extension education in community development (Record no. 392615)

000 -LEADER
fixed length control field 00513cam a22001097a 4500
008 - FIXED-LENGTH DATA ELEMENTS--GENERAL INFORMATION
fixed length control field 180718b xxu||||| |||| 00| 0 eng d
082 ## - DEWEY DECIMAL CLASSIFICATION NUMBER
Classification number B136x54 In2/E
245 ## - TITLE STATEMENT
Title Extension education in community development
Statement of responsibility, etc. by Directorate of Extension, Ministry of Food and Agriculture
260 ## - PUBLICATION, DISTRIBUTION, ETC.
Place of publication, distribution, etc. New Delhi
Name of publisher, distributor, etc. Directorate of Extension, Ministry of Food and Agriculture
Date of publication, distribution, etc.
500 ## - GENERAL NOTE
General note Contents : Library has 1960, 1961
700 ## - ADDED ENTRY--PERSONAL NAME
Personal name India. Ministry of Food and Agriculture, Directorate of Extension, Ministry of Food and Agriculture
Holdings
Withdrawn status Lost status Damaged status Not for loan Permanent Location Current Location Date acquired Full call number Barcode Date last seen Price effective from Koha item type
        Indian Institute of Public Administration Indian Institute of Public Administration 2009-12-17 B136x54 In2/E 27374 2018-07-21 2018-07-21 Book
        Indian Institute of Public Administration Indian Institute of Public Administration 2000-03-25 B136x54 In2/E 1639 2018-07-21 2018-07-21 Book

Powered by Koha